000 00398nam a22001337a 4500
008 170330b xxu||||| |||| 00| 0 eng d
050 _aHD4811.S58(1976-77)
245 _aSocial and labour bulletin. /
260 _aGeneva:
_bInternational Labour Organization,
_c1976-77.
300 _ax, 451p.:, x, 392p. +various pagings
_c24cm
440 _x03775380
500 _aIncludes index
942 _2lcc
_cBK
999 _c6355
_d13855